000 00389nam a2200169Ia 4500
001 23577
005 20260414150946.0
008 260414t2004||||xx |||||||||||||| ||spa||
041 _aESP
082 _a670
_bK74
100 _aKonz, Stephan
_eAUT
245 0 _aDiseƱo de instalaciones industriales
_b
260 _c2004
650 _aTCA
654 _aCII
942 _cLIB
_dJUS
_fJUS
_2ddc
_n
999 _c23577
_d23577